| 000 | 00575nam a22002177a 4500 | ||
|---|---|---|---|
| 999 |
_c460853 _d460853 |
||
| 001 | 216218937 | ||
| 003 | UA-OsUOA | ||
| 005 | 20200804102658.0 | ||
| 008 | 200804b un ||||| |||| 00| 0 ukr d | ||
| 020 | _a821.161.2 | ||
| 040 |
_aUA-OsUOA _bukr _cUA-OsUOA _dUA-OsUOA |
||
| 041 | _aukr | ||
| 090 |
_a821.161.2 _bЧ46 |
||
| 100 | _aЧеревичний Д | ||
| 245 |
_aХліб на столі _bсонети _cД. Черевичний |
||
| 260 |
_aСімферополь _bТаврія _c1979 |
||
| 300 | _a92 с. | ||
| 650 | _2821 | ||
| 942 |
_2udc _cBK |
||
| 955 | _a3 | ||